Name the Fastest Roller Coasters in the World - Statistics

General Stats
  • This quiz has been taken 36 times
  • The average score is 8 of 14
Answer Stats
Hint Answer % Correct
128.0 mph Kingda Ka
93%
149.1 mph Formula Rossa
90%
120.0 mph Top Thrill 2
83%
111.8 mph Red Force
72%
95.0 mph Fury 325
69%
100.0 mph Superman: Escape from Krypton
69%
90.0 mph Intimidator 305
62%
92.0 mph Leviathan
62%
93.0 mph Millennium Force
62%
91.0 mph Orion
59%
95.0 mph Steel Dragon 2000
48%
111.8 mph Do-Dodonpa
41%
88.2 mph Hyperion
24%
99.4 mph Ring Racer
10%
No matching quizzes found
Score Distribution
Percent of People with Each Score
Percentile by Number Answered
Your Score History
You have not taken this quiz